| Tag |
First Indicator |
Second Indicator |
Subfields |
| LEADER |
00000cam a22000004a 4500 |
| 001 |
in00001747421 |
| 005 |
20151025070718.0 |
| 008 |
021108s2003 ncu b 001 0 eng |
| 010 |
|
|
|a 2002153599
|
| 020 |
|
|
|a 0822330792 (alk. paper)
|
| 020 |
|
|
|a 0822330911 (pbk. : alk. paper)
|
| 035 |
|
|
|a (OCoLC)ocm51040510
|
| 040 |
|
|
|a DLC
|c DLC
|d UtOrBLW
|
| 042 |
|
|
|a pcc
|
| 049 |
|
|
|a TXAM
|
| 050 |
0 |
0 |
|a HT1521
|b .R2355 2003
|
| 082 |
0 |
0 |
|a 305.8
|2 21
|
| 245 |
0 |
0 |
|a Race, nature, and the politics of difference /
|c edited by Donald S. Moore, Jake Kosek & Anand Pandian.
|
| 264 |
|
1 |
|a Durham, N.C. :
|b Duke University Press,
|c 2003.
|
| 300 |
|
|
|a viii, 475 pages ;
|c 24 cm.
|
| 336 |
|
|
|a text
|b txt
|2 rdacontent
|
| 337 |
|
|
|a unmediated
|b n
|2 rdamedia
|
| 338 |
|
|
|a volume
|b nc
|2 rdacarrier
|
| 504 |
|
|
|a Includes bibliographical references (pages [407]-460) and index.
|
| 650 |
|
0 |
|a Race relations.
|
| 650 |
|
0 |
|a Ethnic relations.
|
| 650 |
|
0 |
|a Group identity.
|
| 650 |
|
0 |
|a Nature
|x Political aspects.
|
| 650 |
|
0 |
|a Power (Social sciences)
|
| 700 |
1 |
|
|a Moore, Donald S.,
|d 1963-
|
| 700 |
1 |
|
|a Kosek, Jake.
|
| 700 |
1 |
|
|a Pandian, Anand.
|
| 945 |
|
|
|i PromptCat
|
| 948 |
|
|
|a cataloged
|b h
|c 2003/6/11
|d c
|e dmitchel
|f 8:28:26 am
|
| 994 |
|
|
|a 92
|b TXA
|
| 999 |
|
|
|a MARS
|
| 999 |
f |
f |
|s bea57ece-e363-39db-8c87-48e0a11f5388
|i b7ba13fc-2f97-3dad-a83c-49eb0e8593f1
|t 0
|
| 952 |
f |
f |
|p normal
|a Texas A&M University
|b College Station
|c Sterling C. Evans Library
|d Evans: Library Stacks
|t 0
|e HT1521 .R2355 2003
|h Library of Congress classification
|i unmediated -- volume
|m A14830265881
|
| 998 |
f |
f |
|a HT1521 .R2355 2003
|t 0
|l Evans: Library Stacks
|